Territoires français contestées - Statistiques

Statistiques générales
  • Ce quiz a été pris 89 fois
  • Le résultat moyen est 4 sur 8
Statistiques - réponses
Territoire Pays % Correct
Sommet du Mont Blanc Italie
99%
Mayotte Comores
78%
Iles Éparses Madagascar
62%
Île Verte Canada
46%
Tromelin Maurice
30%
Saint Barthélémy Antigua-et-Barbuda
28%
Tirangle d'Alitani-Mariwini Suriname
24%
Île Matthew et Hunter Vanuatu
17%
Aucun quiz correspondant
Distribution des résultats
% des personnes avec chaque résultat
Percentile par nombre de réponses
Votre historique - résultats
Vous n’avez pas pris ce quiz